Giáo trình Tiếng Hoa trung cấp

Gorde:
Xehetasun bibliografikoak
Formatua: Liburua
Hizkuntza:Undetermined
Argitaratua: Thành phố Hồ Chí Minh Đại học Quốc gia Thành phố Hồ Chí Minh 2003
Gaiak:
Etiketak: Etiketa erantsi
Etiketarik gabe, Izan zaitez lehena erregistro honi etiketa jartzen!
Thư viện lưu trữ: Trung tâm Học liệu Trường Đại học Cần Thơ
LEADER 00636nam a2200193Ia 4500
001 CTU_95514
008 210402s9999 xx 000 0 und d
020 |c 30000 
082 |a 495.1 
082 |b Gi108/T.1 
245 0 |a Giáo trình Tiếng Hoa trung cấp 
245 0 |c Trương văn Giới, Lê Khắc Kiều Lục dịch 
260 |a Thành phố Hồ Chí Minh 
260 |b Đại học Quốc gia Thành phố Hồ Chí Minh 
260 |c 2003 
650 |a Chinese language 
650 |x Study and teaching 
904 |i Trúc,Hải 
980 |a Trung tâm Học liệu Trường Đại học Cần Thơ